1828 1748 1744 1390 1129 1393 1143 1295 1484 1846 1545 1612 1434 1384 1337 1164 1000 1714 1707 1286 1801 1013 1434 1045 1057 1611 1393 1724 1345 1175 1119 1848 1250 1866 1666 1794 1832 1410 1116 1184 1346 1777 1017 1566 1608 1046 1080 1848 1456 1288 1866 1588 1890 1963 1455 1179 1942 1541 1456 1322 1849 1791 1262 1260 1352 1840 1631 1915 1426 1526 1024 1682 1661 1925 1330 1179 1615 1107 1609 1594 1917 1179 1861 1069 1972 1168 1300 1963 1073 1077 1133 1581 1227 1625 1056 1798 1652 1521 1071 BCNSPRNW ULIB Ver.6.0+V

เปลี่ยนเป็นภาษาไทย

Change to English
 แสดงรายละเอียดบรรณานุกรม
  กลับหน้าหลัก

Brief Record : Get Marc (ISO 2709) : E-mail record : QR code < ปิดหน้าต่าง
LEADER : 00000nam 2200000 a 4500
001    13399114792
003     ULIB
008    120105s2555 th a 000 0 tha d
020    ^a9786162351034
050  4 ^aLB2822.75^bค695
245 00 ^aคู่มือการประเมินคุณภาพภายนอกรอบสาม (พ.ศ. 2554-2558) ระดับอุดมศึกษาฉบับสถานศึกษา (แก้ไขเพิ่มเติม พฤศจิกายน พ.ศ.2554) /^cสำนักงานรับรองมาตรฐานและประเมินคุณภาพการศึกษา (องค์การมหาชน) ; คณะทำงาน : นาวิน วิยาภรณ์, นภาภร ส่งแสง, สุชญา สังข์จรูญ
250    ^aพิมพ์ครั้งที่ 2
260    ^aกรุงเทพฯ :^bสำนักงาน,^c2555
300    ^a[5], 92 หน้า :^bภาพประกอบ ;^c30 ซม.
500    ^aSend to Single Search
650  4 ^aการศึกษาขั้นอุดมศึกษา^xการบริหาร^xการประเมิน
650  4 ^aประกันคุณภาพการศึกษา^vคู่มือ
700 0  ^aนาวิน วิยาภรณ์
700 0  ^aนภาภร ส่งแสง
700 0  ^aสุชญา สังข์จรูญ
710 2  ^aสำนักงานรับรองมาตรฐานและประเมินคุณภาพการศึกษา
945    ^p0^l0^i031773
945    ^p0^l0^i031774
995    ^aเกษร
999 ^a ใช้งานได้ทุกระบบ
รายการนี้ยังไม่มีแท็ก
คุณยังไม่ได้ล็อกอิน คุณสามารถมีกิจกรรมร่วมกับเว็บไซต์ได้ แต่ต้องล็อกอินก่อน ::
  ล็อกอิน

รายการสื่อสารสนเทศ

ลำดับที่ ประเภท เลขเรียก/บาร์โค้ด สถานที่ สถานะ
- ไม่พบข้อมูล -

BibComment


ยังไม่เคยถูกคอมเมนท์

คอมเมนท์ทรัพยากรรายการนี้
  คอมเมนท์: คู่มือการประเมิน..


 Copyright 2026. Bcnsprnw @Library